000 00306nam a2200133Ia 4500
005 20260326235440.0
008 260326s9999||||xx |||||||||||||| ||und||
100 _aMorand, Paul
245 0 _aNew York /
_cPaul Morand
260 _bCalpe
300 _a185 p.
650 _aARQUITECTURA REGIONAL
942 _cBK
999 _c7382
_d7382